| 000 | 00946nam a2200253 i 4500 | ||
|---|---|---|---|
| 001 | 186505 | ||
| 003 | SpMaBN | ||
| 005 | 20230906222701.0 | ||
| 008 | 161118s1990 sp a c |||| |dspa d | ||
| 080 | _a74 Dufy, Raoul (083.824) | ||
| 080 | _a75 Dufy, Raoul (083.824) | ||
| 100 | 1 |
_aDufy, Raoul. _9145182 |
|
| 245 | 1 | 0 |
_aRaoul Dufy (1877-1953) _b: dibujos y acuarelas : [exposición] Caylus, del 23 de octubre al 3 de noviembre de 1990 / _c[texto, Juan Manuel Bonet]. |
| 260 |
_aMadrid : _bCaylus, _c[1990] ( _fTall. Gráf. de Rupem) |
||
| 300 |
_aVIII, 30 p. (1 p. pleg.) : _bprincipalmente il. col. y n. ; _c26 cm. |
||
| 504 | _aBibliografía: p. VII. | ||
| 600 | 1 | 7 |
_aDufy, Raoul- _vExposiciones. _9161324 |
| 655 | 7 |
_2tgfbne _9193628 _aCatálogos de exposiciones |
|
| 700 | 1 |
_aBonet, Juan Manuel. _930121 |
|
| 710 | 2 |
_aCaylus Anticuario. _9161325 |
|
| 852 |
_aES-MaACL _jL-30849 |
||
| 942 | _2udc | ||
| 999 |
_c186505 _d186505 |
||